[Event "SR 1. liga zapad 2012/2013"]
[Site "?"]
[Date "2012.12.08"]
[Round "3.1"]
[White "Machalova, Erika"]
[Black "Gyopos, Istvan"]
[Result "1/2-1/2"]
[WhiteElo "2073"]
[BlackElo "1991"]
[PlyCount "64"]
[EventDate "2012.??.??"]

1. d4 f5 2. c4 e6 3. g3 Nf6 4. Bg2 d5 5. Nf3 c6 6. Qc2 Be7 7. O-O O-O 8. Bg5
Ne4 9. Bxe7 Qxe7 10. Ne5 Nd7 11. Nxd7 Bxd7 12. Nc3 Qf6 13. Rad1 Be8 14. Nxe4
fxe4 15. b4 Bg6 16. Qb3 Bf7 17. c5 e5 18. e3 Bh5 19. Rd2 Bf3 20. dxe5 Qxe5 21.
b5 Qe6 22. Rb1 Qe7 23. Qc3 Rf6 24. bxc6 bxc6 25. Rdb2 Rc8 26. Rb8 Rxb8 27.
Rxb8+ Rf8 28. Rxf8+ Qxf8 29. Qb4 Bxg2 30. Kxg2 Qf3+ 31. Kg1 Qd1+ 32. Kg2 Qf3+
1/2-1/2

[Event "SR 1. liga zapad 2012/2013"]
[Site "?"]
[Date "2012.12.08"]
[Round "3.1"]
[White "Machalova, Maria"]
[Black "Urban, Gabor"]
[Result "1-0"]
[WhiteElo "2105"]
[BlackElo "1958"]
[PlyCount "55"]
[EventDate "2012.??.??"]

1. c4 c5 2. Nc3 Nc6 3. g3 g6 4. Bg2 Bg7 5. d3 d6 6. e4 e6 7. Be3 Nge7 8. Nge2
O-O 9. d4 cxd4 10. Nxd4 a6 11. O-O Rb8 12. h3 e5 13. Nde2 b5 14. cxb5 axb5 15.
Rc1 Be6 16. Nd5 Bxd5 17. exd5 Nb4 18. Qd2 Na6 19. Bg5 f6 20. Be3 Qd7 21. Kh2
Rfc8 22. b4 Nf5 23. a3 Nxe3 24. Qxe3 f5 25. Rc6 Rxc6 26. dxc6 Qf7 27. Rd1 Qf8
28. Qa7 1-0

[Event "SR 1. liga zapad 2012/2013"]
[Site "?"]
[Date "2012.12.08"]
[Round "3.1"]
[White "Rohacek, Miroslav"]
[Black "Berek, Geza"]
[Result "0-1"]
[WhiteElo "2308"]
[BlackElo "2158"]
[PlyCount "82"]
[EventDate "2012.??.??"]

1. d4 g6 2. e4 Bg7 3. h4 d5 4. e5 c5 5. c3 h5 6. Bd3 Nc6 7. Ne2 Nh6 8. Nd2 Bg4
9. dxc5 Nxe5 10. Bb5+ Bd7 11. Bxd7+ Qxd7 12. Rh3 Qg4 13. Kf1 Nf5 14. Qb3 O-O-O
15. Nf3 Nxf3 16. Rxf3 Nxh4 17. Rg3 Qc4 18. Qa3 Kb8 19. Bg5 Nf5 20. Rf3 Rc8 21.
b4 e5 22. Rd1 f6 23. Bc1 e4 24. Rh3 g5 25. Qb3 Qxb3 26. axb3 Rcd8 27. Ke1 Kc7
28. Be3 Nxe3 29. fxe3 f5 30. Kd2 h4 31. b5 Be5 32. Ra1 Kb8 33. Nd4 g4 34. Rhh1
Rdf8 35. c6 f4 36. cxb7 Bxd4 37. cxd4 f3 38. gxf3 exf3 39. b6 axb6 40. Ra6 Kxb7
41. Rha1 Ra8 0-1

[Event "SR 1. liga zapad 2012/2013"]
[Site "?"]
[Date "2012.12.08"]
[Round "3.1"]
[White "Szegi, Tamas"]
[Black "Maslik, Miroslav"]
[Result "1-0"]
[WhiteElo "2228"]
[BlackElo "2376"]
[PlyCount "101"]
[EventDate "2012.??.??"]

1. e4 c5 2. c3 g6 3. Nf3 Bg7 4. d4 cxd4 5. cxd4 Nf6 6. Nc3 O-O 7. e5 Ne8 8. Be2
d6 9. O-O Nc6 10. Bf4 dxe5 11. dxe5 Nc7 12. Qc1 Bg4 13. Qe3 Nd5 14. Nxd5 Qxd5
15. Rac1 Qxa2 16. Bc4 Qa5 17. Ng5 Nxe5 18. Bb3 Rac8 19. Rxc8 Bxc8 20. Rc1 Bf5
21. h3 h6 22. Ne4 Qb4 23. Ng3 Nd3 24. Nxf5 Nxc1 25. Bxh6 Qxb3 26. Qxc1 Qxb2 27.
Qxb2 Bxb2 28. Nxe7+ Kh7 29. Bxf8 a5 30. Nd5 b5 31. Kf1 f5 32. Ke2 Kg8 33. Bc5
Kf7 34. Kd3 a4 35. Kc2 a3 36. Kb3 Ke6 37. Nc7+ Kd7 38. Nxb5 Kc6 39. Bxa3 Be5
40. Kc4 Bb8 41. Bf8 Be5 42. Nd4+ Kd7 43. Kd5 Bh2 44. Bh6 Bg1 45. f3 Ke7 46.
Bg5+ Kf7 47. Nc6 Kg7 48. Ke6 Bh2 49. Bf6+ Kh6 50. Be5 Bg1 51. Kf7 1-0

[Event "SR 1. liga zapad 2012/2013"]
[Site "?"]
[Date "2012.12.08"]
[Round "3.1"]
[White "Torotto, Antal"]
[Black "Bednar, Jan"]
[Result "1/2-1/2"]
[WhiteElo "2053"]
[BlackElo "2143"]
[PlyCount "53"]
[EventDate "2012.??.??"]

1. d4 Nf6 2. Nf3 e6 3. Bg5 c5 4. c3 Qb6 5. Qb3 Qxb3 6. axb3 Ne4 7. Bf4 Nc6 8.
e3 f5 9. Bd3 Be7 10. h4 O-O 11. dxc5 Nxc5 12. Bc2 b5 13. b4 Ne4 14. Bd3 Bxb4
15. cxb4 Nxb4 16. Ra3 Nc5 17. Bxb5 Nc2+ 18. Ke2 Nxa3 19. Nxa3 a6 20. Bc4 Bb7
21. Bd6 Rfc8 22. Rd1 Na4 23. Rd2 a5 24. Bb5 Ba6 25. Bxa6 Rxa6 26. Be5 d6 27.
Rxd6 1/2-1/2

[Event "SR 1. liga zapad 2012/2013"]
[Site "?"]
[Date "2012.12.08"]
[Round "3.2"]
[White "Banas, Jan"]
[Black "Baranek, Jozef"]
[Result "1-0"]
[WhiteElo "2275"]
[BlackElo "2131"]
[PlyCount "63"]
[EventDate "2012.??.??"]

1. c4 c5 2. Nf3 g6 3. e4 Bg7 4. d4 cxd4 5. Nxd4 d6 6. Be2 Nf6 7. Nc3 Bd7 8. Be3
Nc6 9. O-O O-O 10. Qd2 Ng4 11. Bxg4 Bxg4 12. f4 Bd7 13. b3 Qa5 14. Rac1 Rfd8
15. Kh1 Nxd4 16. Bxd4 Bxd4 17. Qxd4 Qc5 18. Qd2 Bc6 19. f5 Qe5 20. Rce1 Rab8
21. Nd5 Kh8 22. fxg6 fxg6 23. Rf7 Kg8 24. Rxe7 Qh8 25. Qf4 Rf8 26. Qxd6 Qb2 27.
Qe6+ Kh8 28. Qh3 h5 29. Qe3 Rf2 30. Qh6+ Kg8 31. Qxg6+ Kf8 32. e5 1-0

[Event "SR 1. liga zapad 2012/2013"]
[Site "?"]
[Date "2012.12.08"]
[Round "3.2"]
[White "Borosova, Zuzana"]
[Black "Likavsky, Tomas"]
[Result "0-1"]
[WhiteElo "2263"]
[BlackElo "2449"]
[PlyCount "70"]
[EventDate "2012.??.??"]

1. e4 c5 2. Nf3 d6 3. Bb5+ Nd7 4. d4 cxd4 5. Qxd4 a6 6. Bxd7+ Bxd7 7. Bg5 f6 8.
Be3 e6 9. a4 Ne7 10. a5 d5 11. exd5 Nxd5 12. O-O Bc6 13. Qg4 Qd7 14. Bd2 e5 15.
Qxd7+ Kxd7 16. Na3 Rd8 17. Rfd1 Ke6 18. Ne1 Be7 19. Nd3 g5 20. b4 Nf4 21. Ne1
Rxd2 22. Rxd2 Bxb4 23. Rdd1 Bxe1 24. Rxe1 Nxg2 25. Red1 Nh4 26. h3 Rg8 27. Rab1
Nf3+ 28. Kf1 Rg6 29. Rb6 Rh6 30. Kg2 Nd4+ 31. Kg3 f5 32. f3 f4+ 33. Kg2 Kf5 34.
Rd3 Nxf3 35. Rxc6 Nh4+ 0-1

[Event "SR 1. liga zapad 2012/2013"]
[Site "?"]
[Date "2012.12.08"]
[Round "3.2"]
[White "Bottyan, Peter"]
[Black "Vass, Frantisek"]
[Result "1-0"]
[WhiteElo "2262"]
[BlackElo "2292"]
[PlyCount "77"]
[EventDate "2012.??.??"]

1. d4 d5 2. Bf4 Nf6 3. e3 Nbd7 4. Nf3 e6 5. Bd3 Be7 6. Nbd2 Nh5 7. Bg3 c5 8. c3
Qb6 9. Rb1 Nxg3 10. hxg3 Nf6 11. Ne5 Bd7 12. Qe2 a6 13. g4 Bb5 14. c4 dxc4 15.
Ndxc4 Bxc4 16. Bxc4 cxd4 17. exd4 Qxd4 18. Nxf7 O-O 19. Ng5 Bb4+ 20. Kf1 Kh8
21. Rd1 Qf4 22. Nxe6 Qxg4 23. Nxf8 Rxf8 24. Bd5 Qg5 25. Bf3 Bc5 26. Qc2 b6 27.
a3 a5 28. Qd2 Qg6 29. b4 axb4 30. axb4 Be7 31. Re1 Rd8 32. Qc3 Bf8 33. Rh3 Qg5
34. Qc7 Qd2 35. Rd1 Qxd1+ 36. Bxd1 Rxd1+ 37. Ke2 Rd7 38. Qxb6 Nd5 39. Qb8 1-0

[Event "SR 1. liga zapad 2012/2013"]
[Site "?"]
[Date "2012.12.08"]
[Round "3.2"]
[White "Hegedus, Roland"]
[Black "Miklas, Marian"]
[Result "1-0"]
[WhiteElo "2007"]
[BlackElo "2142"]
[PlyCount "31"]
[EventDate "2012.??.??"]

1. e4 c5 2. Nf3 d6 3. d4 cxd4 4. Nxd4 Nf6 5. Nc3 a6 6. Be3 e6 7. g4 e5 8. Nf5
g6 9. g5 gxf5 10. exf5 d5 11. gxf6 d4 12. Bc4 Bb4 13. Bxf7+ Kd7 14. Bxd4 exd4
15. Qxd4+ Bd6 16. O-O-O 1-0

[Event "SR 1. liga zapad 2012/2013"]
[Site "?"]
[Date "2012.12.08"]
[Round "3.2"]
[White "Lanc, Alois"]
[Black "Kukel, Imre 1985"]
[Result "1-0"]
[WhiteElo "2402"]
[BlackElo "2260"]
[PlyCount "84"]
[EventDate "2012.??.??"]

1. e4 c5 2. Nf3 d6 3. d4 cxd4 4. Nxd4 Nf6 5. Nc3 a6 6. Bc4 e6 7. a4 Nbd7 8. O-O
Nc5 9. Re1 Qc7 10. Ba2 Bd7 11. Bg5 Be7 12. b4 Nb3 13. Bxb3 Qxc3 14. Rb1 O-O 15.
Re3 Qc7 16. Rg3 Rfe8 17. Qf3 Kh8 18. c3 Rac8 19. Rh3 d5 20. Bc2 Qe5 21. Bxf6
Bxf6 22. Rh5 Rxc3 23. Rxe5 Rxf3 24. Nxf3 Bxe5 25. Nxe5 Re7 26. exd5 exd5 27.
Nxd7 Rxd7 28. Kf1 g6 29. Bb3 Kg7 30. Rd1 d4 31. Ke2 Kf6 32. Kd3 b5 33. a5 h5
34. Rc1 Rd6 35. Rc7 h4 36. Rxf7+ Kg5 37. f4+ Kh6 38. Rc7 Rf6 39. Ke4 d3 40. Rd7
g5 41. f5 g4 42. Be6 g3 1-0

[Event "SR 1. liga zapad 2012/2013"]
[Site "?"]
[Date "2012.12.08"]
[Round "3.2"]
[White "Lukac, Roman"]
[Black "Balogh, Peter"]
[Result "1/2-1/2"]
[WhiteElo "2127"]
[BlackElo "2013"]
[PlyCount "73"]
[EventDate "2012.??.??"]

1. e4 e6 2. d4 d5 3. Nc3 Bb4 4. e5 c5 5. a3 Bxc3+ 6. bxc3 Ne7 7. Qg4 Qc7 8.
Qxg7 Rg8 9. Qxh7 cxd4 10. Ne2 Nbc6 11. f4 dxc3 12. Qd3 Bd7 13. Qxc3 Nf5 14. Rb1
O-O-O 15. Rg1 d4 16. Qd3 f6 17. exf6 e5 18. g4 Nh4 19. h3 e4 20. Qxe4 d3 21.
cxd3 Rge8 22. Qc4 Be6 23. Qc3 Bd5 24. Kf2 Qh7 25. Nd4 Rd7 26. Rg3 Qf7 27. Nxc6
Bxc6 28. Be3 Qd5 29. Rc1 Qe6 30. Rc2 Rf7 31. Qc5 Rxf6 32. Qxa7 Ref8 33. Qd4 Ng6
34. Rf3 Ne5 35. Rg3 Ng6 36. Rf3 Ne5 37. Rg3 1/2-1/2

[Event "SR 1. liga zapad 2012/2013"]
[Site "?"]
[Date "2012.12.08"]
[Round "3.2"]
[White "Szitkey, Milan"]
[Black "Molnar, Erno"]
[Result "0-1"]
[WhiteElo "2137"]
[BlackElo "1947"]
[PlyCount "130"]
[EventDate "2012.??.??"]

1. e4 c5 2. Nf3 Nc6 3. c3 d5 4. exd5 Qxd5 5. d4 Bg4 6. Be2 cxd4 7. cxd4 Bxf3 8.
Bxf3 Qd7 9. Be3 Nf6 10. Nc3 e6 11. O-O Be7 12. Qb3 Rd8 13. Rfd1 Nd5 14. Ne4 b6
15. Rac1 O-O 16. Ng5 Rc8 17. Qd3 Bxg5 18. Bxg5 Ncb4 19. Qb3 a5 20. Be4 h6 21.
Bd2 Rxc1 22. Rxc1 Rc8 23. a3 Rxc1+ 24. Bxc1 Nf6 25. Bb1 Nbd5 26. Qd3 Qc6 27.
Bd2 Qa4 28. Bc2 Qc6 29. h4 Qd7 30. Qg3 Qc7 31. Qxc7 Nxc7 32. Kf1 Kf8 33. Ke2
Ke7 34. b4 axb4 35. Bxb4+ Ke8 36. g3 Nfd5 37. Bd6 Nb5 38. Bb8 Nxd4+ 39. Kd3
Nxc2 40. Kxc2 Kd7 41. Be5 g6 42. Kd3 Kc6 43. Kc4 b5+ 44. Kd4 f6 45. Bb8 e5+ 46.
Kd3 Nb6 47. Kc3 Nc8 48. Kb4 g5 49. h5 g4 50. Ka5 Ne7 51. Ba7 Nd5 52. Bb8 Kc5
53. Ba7+ Kc4 54. Bb8 e4 55. Bd6 e3 56. fxe3 Nxe3 57. Bf4 Nf5 58. Kb6 Ng7 59.
Bd6 Nxh5 60. Kc6 Ng7 61. Bb4 h5 62. Kd6 Kd4 63. Ke7 Ke4 64. Kxf6 h4 65. Kg5 h3
0-1

[Event "SR 1. liga zapad 2012/2013"]
[Site "?"]
[Date "2012.12.08"]
[Round "3.2"]
[White "Voros, Gellert"]
[Black "Drtina, Milan"]
[Result "0-1"]
[WhiteElo "2042"]
[BlackElo "2202"]
[PlyCount "114"]
[EventDate "2012.??.??"]

1. e4 e5 2. Nc3 Nf6 3. Bc4 Nc6 4. f4 d6 5. Nf3 Bg4 6. Bb5 Nd7 7. Bxc6 bxc6 8.
h3 Bxf3 9. Qxf3 exf4 10. Qxf4 Be7 11. O-O O-O 12. d4 Rb8 13. b3 Bf6 14. Ne2 c5
15. c3 cxd4 16. cxd4 Qe7 17. Be3 Rfe8 18. Ng3 Bh4 19. Bf2 Bxg3 20. Bxg3 f6 21.
Rae1 Rb4 22. Qd2 Rb6 23. b4 c5 24. dxc5 dxc5 25. Rd1 Nf8 26. Qd5+ Qe6 27. bxc5
Ra6 28. Rd2 Rc8 29. Bd6 Qf7 30. Qxf7+ Kxf7 31. e5 Nd7 32. exf6 Nxf6 33. Re2 Re8
34. Rxe8 Kxe8 35. Rf2 Kd7 36. Bf8 g6 37. Rd2+ Ke6 38. Kf1 Nd7 39. Re2+ Kf6 40.
Be7+ Kf5 41. Bd6 Rc6 42. g4+ Kf6 43. Be7+ Kf7 44. Bh4 Nxc5 45. Re7+ Kg8 46.
Rxa7 Ne4 47. Kg2 h5 48. Kf3 Rc4 49. Be7 Kf7 50. gxh5 gxh5 51. a4 Ke6 52. Bd8
Nc5 53. a5 Rc3+ 54. Kg2 Rc2+ 55. Kg3 Rc4 56. Rh7 Rd4 57. Bb6 Ne4+ 0-1

[Event "SR 1. liga zapad 2012/2013"]
[Site "?"]
[Date "2012.12.08"]
[Round "3.3"]
[White "Cajka, Tibor"]
[Black "Certek, Pavel"]
[Result "0-1"]
[WhiteElo "2170"]
[BlackElo "2315"]
[PlyCount "102"]
[EventDate "2012.??.??"]

1. b3 Nf6 2. Bb2 e6 3. e3 b6 4. Be2 Bb7 5. Bf3 d5 6. Ne2 Bd6 7. d4 O-O 8. O-O
Nbd7 9. c4 c5 10. cxd5 Nxd5 11. dxc5 Nxc5 12. b4 Qh4 13. Nf4 Nxf4 14. Qxd6 Bxf3
15. Qxf4 Qxf4 16. exf4 Nd3 17. gxf3 Nxb2 18. a3 Nd3 19. f5 exf5 20. Nc3 Rfd8
21. Rfd1 Rac8 22. Ne2 g6 23. Ra2 Ne5 24. Rxd8+ Rxd8 25. f4 Nc4 26. a4 Rd7 27.
Kg2 Kf8 28. Rc2 Nd6 29. Nd4 Ne4 30. Rc8+ Kg7 31. Nf3 f6 32. Kf1 Kh6 33. Ke2 Re7
34. Kf1 Kh5 35. h3 Kh6 36. Rc2 Nd6 37. Nd2 Ne8 38. f3 Kh5 39. Kf2 Kh4 40. Nf1
Nc7 41. Ne3 Rd7 42. Ng2+ Kh5 43. Kg3 Kh6 44. Ne3 Ne6 45. Rc6 Ng7 46. Nc4 Nh5+
47. Kf2 Nxf4 48. Nxb6 axb6 49. Rxb6 Ra7 50. a5 Nd3+ 51. Ke3 Nxb4 0-1

[Event "SR 1. liga zapad 2012/2013"]
[Site "?"]
[Date "2012.12.08"]
[Round "3.3"]
[White "Gasa, Patrik"]
[Black "Kolcak, Marek"]
[Result "1/2-1/2"]
[WhiteElo "1906"]
[BlackElo "2167"]
[PlyCount "63"]
[EventDate "2012.??.??"]

1. d4 d5 2. c4 dxc4 3. Nc3 e5 4. e3 exd4 5. Qxd4 Qxd4 6. exd4 Nf6 7. Bxc4 Bb4
8. Nge2 O-O 9. O-O Bf5 10. a3 Ba5 11. b4 Bb6 12. Na4 Nbd7 13. Nc5 a5 14. Bb2
Ra7 15. Ng3 Bg6 16. Rfe1 c6 17. f4 h6 18. f5 Bh7 19. Re7 Nxc5 20. dxc5 Bd8 21.
Ree1 b5 22. Bb3 Bc7 23. Rad1 Bxg3 24. hxg3 Bxf5 25. Bxf6 gxf6 26. Rd6 axb4 27.
axb4 Ra3 28. Bd1 Ra1 29. Kf2 Rb1 30. Rxf6 Be6 31. Rf4 Bd5 32. Bf3 1/2-1/2

[Event "SR 1. liga zapad 2012/2013"]
[Site "?"]
[Date "2012.12.08"]
[Round "3.3"]
[White "Pagerka, Martin"]
[Black "Pacher, Milan"]
[Result "0-1"]
[WhiteElo "2261"]
[BlackElo "2436"]
[PlyCount "77"]
[EventDate "2012.??.??"]

1. e4 c6 2. d4 d5 3. exd5 cxd5 4. c4 Nf6 5. Nc3 Nc6 6. Nf3 Bg4 7. cxd5 Nxd5 8.
Bc4 e6 9. Be3 Be7 10. Qb3 Bxf3 11. gxf3 Nb6 12. Bb5 Rc8 13. Rg1 Bf6 14. Ne4 a6
15. Nxf6+ gxf6 16. d5 Qxd5 17. Bxa6 Qa5+ 18. Kd1 Rd8+ 19. Kc1 Qxa6 20. Bxb6 Rd3
21. Qc2 Rd5 22. Be3 Kd7 23. Rd1 Nb4 24. Rxd5+ Nxd5 25. Kd2 f5 26. a3 Qa5+ 27.
b4 Nxb4 28. Qc3 Nc6 29. Rb1 Rb8 30. Qxa5 Nxa5 31. Ke2 Ra8 32. Ra1 Nc6 33. a4 e5
34. a5 f6 35. Bb6 f4 36. Rd1+ Ke6 37. Bc7 Nd4+ 38. Kd3 Rc8 39. Bb6 0-1

[Event "SR 1. liga zapad 2012/2013"]
[Site "?"]
[Date "2012.12.08"]
[Round "3.3"]
[White "Pericka, Tomas"]
[Black "Bezuch, Martin"]
[Result "0-1"]
[WhiteElo "2029"]
[BlackElo "2291"]
[PlyCount "42"]
[EventDate "2012.??.??"]

1. e4 g6 2. d4 Bg7 3. Be3 d6 4. h3 Nd7 5. Bc4 e6 6. Ne2 a6 7. a4 Ne7 8. O-O O-O
9. Nbc3 b6 10. f4 Nf6 11. Bd3 c5 12. g4 Qc7 13. Ng3 cxd4 14. Bxd4 e5 15. Be3
exf4 16. Rxf4 d5 17. Qf3 dxe4 18. Ncxe4 Nfd5 19. Nf6+ Nxf6 20. Qxa8 Bb7 21. Qa7
Nc8 0-1

[Event "SR 1. liga zapad 2012/2013"]
[Site "?"]
[Date "2012.12.08"]
[Round "3.3"]
[White "Petran, Peter"]
[Black "Jozefek, Michal"]
[Result "1-0"]
[WhiteElo "2277"]
[BlackElo "2060"]
[PlyCount "95"]
[EventDate "2012.??.??"]

1. g3 d5 2. Nf3 Nf6 3. Bg2 g6 4. O-O Bg7 5. c4 dxc4 6. Na3 O-O 7. Nxc4 Be6 8.
d3 c6 9. Qc2 Na6 10. a3 Rc8 11. Rb1 h6 12. b4 Nd5 13. Bb2 Bxb2 14. Qxb2 b6 15.
Rfe1 c5 16. bxc5 Nxc5 17. Nd4 Nf6 18. Nxe6 Nxe6 19. Rbd1 Qd4 20. Qd2 Nc5 21. e3
Qd7 22. Ne5 Qe6 23. Qb2 Qb3 24. Qxb3 Nxb3 25. Rb1 Na5 26. Rec1 Kg7 27. d4 e6
28. Kf1 Rfd8 29. Ke1 Ng8 30. Bf1 f6 31. Nf3 Ne7 32. Ba6 Rxc1+ 33. Rxc1 Rd7 34.
Bb5 Rb7 35. Kd1 Kf7 36. Nd2 Nd5 37. e4 Nc7 38. Be2 Ke7 39. Bd3 g5 40. h4 Kd6
41. hxg5 hxg5 42. Ke2 Rb8 43. Rh1 b5 44. Rh6 Rf8 45. Rh7 Nc6 46. Ke3 a6 47. e5+
fxe5 48. Ne4+ 1-0

[Event "SR 1. liga zapad 2012/2013"]
[Site "?"]
[Date "2012.12.08"]
[Round "3.3"]
[White "Ruckschloss, Karol"]
[Black "Hanzluvka, Peter"]
[Result "1-0"]
[WhiteElo "2242"]
[BlackElo "2032"]
[PlyCount "23"]
[EventDate "2012.??.??"]

1. c4 c5 2. Nc3 Nc6 3. e3 g6 4. d4 cxd4 5. exd4 e6 6. d5 exd5 7. cxd5 Qe7+ 8.
Be2 Ne5 9. f4 Nc4 10. Qd4 Nd6 11. Qxh8 Nf6 12. f5 1-0

[Event "SR 1. liga zapad 2012/2013"]
[Site "?"]
[Date "2012.12.08"]
[Round "3.3"]
[White "Sulek, Viliam"]
[Black "Pericka, Pavol"]
[Result "1-0"]
[WhiteElo "2062"]
[BlackElo "1821"]
[PlyCount "97"]
[EventDate "2012.??.??"]

1. e4 e5 2. Nf3 Nc6 3. Bb5 a6 4. Ba4 Nf6 5. O-O b5 6. Bb3 Be7 7. Re1 O-O 8. d4
exd4 9. e5 Ne8 10. Bf4 Bb7 11. c3 dxc3 12. Nxc3 Na5 13. Bc2 f6 14. Qd3 g6 15.
Nd5 Rf7 16. Rad1 Bf8 17. Bg3 Nc4 18. Qb3 fxe5 19. Bh4 Rxf3 20. Qxc4 bxc4 21.
Bxd8 Rf7 22. Bh4 d6 23. Ne3 c3 24. bxc3 Nf6 25. Bb3 d5 26. Bxf6 Rxf6 27. Nxd5
Kg7 28. Nxf6 Kxf6 29. Rd7 Bd6 30. Rf7+ Kg5 31. Rxh7 Rf8 32. Rf7 Rh8 33. g3 Bc6
34. h4+ Kh6 35. Bc2 Be8 36. Rf3 g5 37. Rf6+ Kg7 38. hxg5 Be7 39. Rxa6 Bd6 40.
a4 Bh5 41. Be4 Rf8 42. Kg2 Bc5 43. f3 Rd8 44. Re2 Rd1 45. Rh6 Bf7 46. Rh7+ Kg8
47. Rb2 Kf8 48. Rb8+ Ke7 49. g6 1-0

[Event "SR 1. liga zapad 2012/2013"]
[Site "?"]
[Date "2012.12.08"]
[Round "3.3"]
[White "Zetocha, Claudiu"]
[Black "Gasa, Andrej"]
[Result "1/2-1/2"]
[WhiteElo "2360"]
[BlackElo "2282"]
[PlyCount "55"]
[EventDate "2012.??.??"]

1. e4 c5 2. Nf3 d6 3. c3 Nc6 4. h3 Nf6 5. Qc2 g6 6. a3 Bg7 7. d4 O-O 8. d5 Nb8
9. Bd3 a6 10. a4 e6 11. dxe6 Bxe6 12. O-O d5 13. Ng5 dxe4 14. Nxe4 Nxe4 15.
Bxe4 Qc7 16. Nd2 Nd7 17. Nf3 Nf6 18. Ng5 Bc4 19. Bd3 Bd5 20. c4 Bc6 21. Ne4
Nxe4 22. Bxe4 Rfe8 23. Bxc6 Qxc6 24. Be3 Rad8 25. Rad1 Bf6 26. b3 a5 27. Rxd8
Rxd8 28. Rd1 1/2-1/2

[Event "SR 1. liga zapad 2012/2013"]
[Site "?"]
[Date "2012.12.08"]
[Round "3.4"]
[White "Capak, Stefan"]
[Black "Dolnak, Michal"]
[Result "1/2-1/2"]
[WhiteElo "2040"]
[BlackElo "2115"]
[PlyCount "53"]
[EventDate "2012.??.??"]

1. d4 Nf6 2. Nf3 e6 3. Bg5 d5 4. e3 Be7 5. c4 O-O 6. Nc3 h6 7. Bh4 Ne4 8. Bxe7
Qxe7 9. Qc2 Nxc3 10. Qxc3 c6 11. Bd3 Bd7 12. O-O f5 13. Ne5 Be8 14. Qb3 Qc7 15.
Rac1 Qb6 16. Qc2 Nd7 17. Nxd7 Bxd7 18. Qe2 Be8 19. b4 a6 20. Rb1 Bd7 21. a4 Qc7
22. f4 Rfc8 23. Rfc1 Qd8 24. c5 Qf8 25. Kh1 Qe8 26. g4 fxg4 27. Qxg4 1/2-1/2

[Event "SR 1. liga zapad 2012/2013"]
[Site "?"]
[Date "2012.12.08"]
[Round "3.4"]
[White "Castiglione, Mario"]
[Black "Chovanec, Milan"]
[Result "1-0"]
[WhiteElo "2282"]
[BlackElo "2153"]
[PlyCount "49"]
[EventDate "2012.??.??"]

1. e4 Nf6 2. Nc3 d5 3. e5 Ne4 4. Nf3 Bg4 5. h3 Bh5 6. Qe2 Nxc3 7. dxc3 Qd7 8.
g4 Bg6 9. Nd4 e6 10. Bg2 a6 11. f4 c5 12. f5 cxd4 13. fxg6 dxc3 14. gxf7+ Qxf7
15. bxc3 Nc6 16. Rb1 Bc5 17. Rf1 Qc7 18. Bg5 b6 19. c4 dxc4 20. Qe4 Rc8 21. Rd1
Be7 22. Bxe7 Kxe7 23. Rd6 Nd8 24. Qf4 Qc5 25. Qg5+ 1-0

[Event "SR 1. liga zapad 2012/2013"]
[Site "?"]
[Date "2012.12.08"]
[Round "3.4"]
[White "Jakubek, Peter"]
[Black "Valent, Ivan"]
[Result "1-0"]
[WhiteElo "2136"]
[BlackElo "2228"]
[PlyCount "107"]
[EventDate "2012.??.??"]

1. d4 Nf6 2. Bf4 d5 3. e3 e6 4. Bd3 c5 5. c3 Nc6 6. Nf3 Be7 7. Ne5 O-O 8. Nd2
Ne8 9. O-O Bd7 10. Qh5 g6 11. Qh6 Ng7 12. g4 Nxe5 13. dxe5 f6 14. Nf3 fxe5 15.
Bxe5 Rf7 16. h4 Bf8 17. Ng5 Nf5 18. Nxf7 Nxh6 19. Nxd8 Rxd8 20. f3 Be7 21. Bg3
b5 22. e4 Nf7 23. Rfe1 Bf6 24. Kg2 b4 25. e5 Be7 26. Rac1 c4 27. Bb1 a5 28. f4
Ba4 29. Bc2 Bc6 30. Kh2 a4 31. f5 gxf5 32. gxf5 a3 33. fxe6 Nh6 34. bxa3 bxc3
35. Bf4 Ng4+ 36. Kg3 h5 37. Bg6 Bxa3 38. Rc2 Ba4 39. Rxc3 Bb4 40. e7 Ra8 41.
Rcc1 Bxe1+ 42. Rxe1 Be8 43. Bxe8 Rxe8 44. Bg5 Kf7 45. e6+ Kg7 46. Rd1 Nf6 47.
Kf4 Ng8 48. Rxd5 Nxe7 49. Bxe7 Rxe7 50. Rd7 Kf6 51. Rxe7 Kxe7 52. Ke4 Kxe6 53.
Kd4 Kf5 54. a4 1-0

[Event "SR 1. liga zapad 2012/2013"]
[Site "?"]
[Date "2012.12.08"]
[Round "3.4"]
[White "Kovac, Andrej"]
[Black "Skrabakova, Katarina"]
[Result "1-0"]
[WhiteElo "2148"]
[BlackElo "1991"]
[PlyCount "65"]
[EventDate "2012.??.??"]

1. d4 Nf6 2. c4 e6 3. Nf3 d5 4. e3 c6 5. b3 Nbd7 6. Bd3 Be7 7. Nbd2 O-O 8. O-O
Qc7 9. Bb2 c5 10. Ne5 b6 11. Qf3 Bb7 12. Qh3 h6 13. Rac1 Nxe5 14. dxe5 Ne4 15.
Nb1 Rfd8 16. Qg4 Qc6 17. cxd5 exd5 18. h4 Bc8 19. Qf4 g5 20. hxg5 Bxg5 21. Qh2
Bf5 22. Rfe1 Qg6 23. Be2 Kh7 24. Bh5 Qg7 25. Nc3 Nxc3 26. Bxc3 d4 27. Ba1 dxe3
28. f4 Be7 29. Rxe3 Rg8 30. e6 f6 31. Bf7 c4 32. Bxg8+ Rxg8 33. Rxc4 1-0

[Event "SR 1. liga zapad 2012/2013"]
[Site "?"]
[Date "2012.12.08"]
[Round "3.4"]
[White "Kvassay, Peter"]
[Black "Hacik, Radomir"]
[Result "0-1"]
[WhiteElo "2028"]
[BlackElo "2185"]
[PlyCount "52"]
[EventDate "2012.??.??"]

1. c4 e5 2. Nc3 Nc6 3. g3 g6 4. Bg2 Bg7 5. e3 Nge7 6. Nge2 d6 7. O-O O-O 8. d4
exd4 9. Nxd4 Ne5 10. b3 Bg4 11. f3 Bd7 12. Rf2 Re8 13. Nde2 a6 14. e4 b5 15.
cxb5 axb5 16. Bg5 Qb8 17. Nd4 b4 18. Nd5 Nxd5 19. exd5 Qb6 20. Rc1 Qxd4 21.
Qxd4 Nxf3+ 22. Kh1 Nxd4 23. Rxc7 Re1+ 24. Rf1 Rxf1+ 25. Bxf1 Bg4 26. h3 Bf3+
0-1

[Event "SR 1. liga zapad 2012/2013"]
[Site "?"]
[Date "2012.12.08"]
[Round "3.4"]
[White "Peitl, Tomas"]
[Black "Obona, Jan"]
[Result "0-1"]
[WhiteElo "2220"]
[BlackElo "2147"]
[PlyCount "90"]
[EventDate "2012.??.??"]

1. e4 c5 2. Nf3 d6 3. d4 cxd4 4. Nxd4 Nf6 5. Nc3 a6 6. Bg5 Nbd7 7. Qd2 b5 8. f3
Bb7 9. O-O-O Rc8 10. g4 e6 11. h4 Qa5 12. Kb1 b4 13. Nce2 d5 14. Bxf6 gxf6 15.
Bg2 Qc7 16. exd5 Bxd5 17. Nf4 Nb6 18. Rhe1 Be7 19. Nh5 h6 20. f4 Kf8 21. f5 e5
22. Bxd5 Nxd5 23. Nb5 axb5 24. Qxd5 Qxc2+ 25. Ka1 Rg8 26. Qf3 Qc4 27. Qe3 Ra8
28. a3 bxa3 29. b3 Qb4 30. Qxh6+ Ke8 31. Re3 Rd8 32. Rxd8+ Bxd8 33. Nxf6+ Bxf6
34. Rd3 e4+ 35. Qxf6 exd3 36. Qc6+ Kf8 37. Qh6+ Ke7 38. Qe3+ Kd7 39. Qa7+ Kc6
40. Qa6+ Kc5 41. Qa7+ Kd6 42. Qb6+ Kd5 43. Qb7+ Kd4 44. Qb6+ Kc3 45. Qf2 Qd4
0-1

[Event "SR 1. liga zapad 2012/2013"]
[Site "?"]
[Date "2012.12.08"]
[Round "3.4"]
[White "Sosovicka, Juraj"]
[Black "Michalek, Matej"]
[Result "1-0"]
[WhiteElo "2089"]
[BlackElo "1898"]
[PlyCount "93"]
[EventDate "2012.??.??"]

1. e4 d6 2. d4 Nf6 3. Nc3 g6 4. Be3 Bg7 5. Qd2 Nbd7 6. h3 O-O 7. O-O-O a6 8.
Bh6 b5 9. Bxg7 Kxg7 10. e5 Ne8 11. h4 Bb7 12. h5 Rh8 13. hxg6 hxg6 14. Rxh8
Kxh8 15. Qh6+ Kg8 16. Nh3 Ng7 17. Ng5 Nf8 18. Bd3 f6 19. Nf3 Qd7 20. exf6 exf6
21. Bxg6 Nxg6 22. Qxg6 Qf5 23. Qxf5 Nxf5 24. d5 Re8 25. g4 Nh6 26. g5 fxg5 27.
Nxg5 Bc8 28. Nce4 Kf8 29. Rh1 Nf7 30. Nxf7 Kxf7 31. Rh7+ Kg6 32. Rxc7 Rxe4 33.
Rxc8 Rd4 34. Rc6 Rxd5 35. Rxa6 Kf6 36. Rc6 Ke6 37. c4 Rf5 38. cxb5 Rxb5 39. Rc3
Rf5 40. f3 Rf4 41. Kd2 d5 42. Ke2 Rh4 43. Re3+ Kd6 44. Kd3 Rh2 45. Re2 Rh3 46.
Rf2 Kc5 47. a3 1-0